000 00300nam a2200121Ia 4500
008 220204s9999 xx 000 0 und d
082 _a804
_bASC
100 _aAscher, J
245 0 _aCours moderne. Part I . Junior course
260 _aBombay
_bAllied
_c1974
700 _aHatfield, H A
942 _cBK
999 _c29400
_d29400